000 00439nam a2200133Ia 4500
008 100328s9999 xx 000 0 und d
082 _b54200
100 _aशेकटकर मु.रं.
245 _aघरगुती इलेक्ट्रिशन
260 _bउदयम
630 _aघरगुती इलेक्ट्रिशन
730 _aघरगुती इलेक्ट्रिशन
942 _cBOOK
999 _c540920
_d540917